Statistiken für Alle deutschen Städte mit S

Klicken Sie hier um das Quiz zu spielen!

Allgemein

  • Dieses Quiz wurde 919 mal gespielt
  • Das Durchschnittsergebnis liegt bei 45 aus 200

Antwortstatistiken

EinwohnerStadtBL% Korrekt
630.305StuttgartBW
96%
179.349SaarbrückenSL
89%
95.609SchwerinMV
86%
159.193SolingenNW
83%
101.943SiegenNW
78%
103.866SalzgitterNI
75%
34.409SaarlouisSL
73%
64.595SindelfingenBW
72%
53.319SchweinfurtBY
69%
59.205StralsundMV
69%
48.033Singen (Hohentwiel)BW
64%
47.206SoestNW
62%
50.741SpeyerRP
62%
36.395SuhlTH
62%
41.669SiegburgNW
60%
35.433SinsheimBW
56%
47.611StadeNI
56%
47.612StraubingBY
56%
29.071Saalfeld/SaaleTH
55%
14.346SteinBY
55%
40.679Schwäbisch HallBW
54%
38.778StendalST
54%
61.216Schwäbisch GmündBW
53%
25.322SchleswigSH
52%
16.916SigmaringenBW
52%
55.590St. AugustinNW
51%
46.124SchwerteNW
50%
21.292SoltauNI
49%
34.431SteinfurtNW
49%
23.306SalzwedelST
48%
25.438St. WendelSL
48%
41.056SchwabachBY
45%
30.189Schwedt/OderBB
45%
18.886SömmerdaTH
45%
56.377Stolberg (Rheinland)NW
45%
23.229SonnebergTH
44%
29.020SchwandorfBY
43%
23.511StarnbergBY
43%
35.213St. IngbertSL
43%
12.458Sulz am NeckarBW
43%
25.703SangerhausenST
40%
28.590SchwelmNW
40%
21.034SondershausenTH
39%
14.708SelbBY
38%
22.587SendenBY
38%
27.554Sundern (Sauerland)NW
38%
39.785SchorndorfBW
37%
21.577SchwetzingenBW
36%
25.802SelmNW
35%
26.939StrausbergBB
35%
19.553SchmalkaldenTH
34%
29.897SpringeNI
34%
22.347StadthagenNI
34%
34.260SeelzeNI
33%
23.371SenftenbergBB
33%
21.517SonthofenBY
33%
24.618StaßfurtST
33%
30.387Schönebeck (Elbe)ST
31%
21.263StadtallendorfHE
31%
2.768St. GoarRP
31%
24.702SprockhövelNW
30%
12.886SulingenNI
30%
24.261SykeNI
30%
19.111SeesenNI
29%
21.226SeligenstadtHE
29%
9.191SassnitzMV
28%
18.881SchneverdingenNI
28%
1.268St. GoarshausenRP
28%
16.168Schwarzenberg/ErzgebirgeSN
27%
24.806SchmallenbergNW
26%
16.560SchwarzenbekSH
26%
23.554SehndeNI
26%
21.749SprembergBB
26%
20.432SchifferstadtRP
25%
26.943Schloß Holte-StukenbrockNW
25%
3.292Saalburg-EbersdorfTH
24%
19.368SchenefeldSH
24%
13.289SendenhorstNW
24%
25.013SalzkottenNW
23%
15.847SchlüchternHE
23%
13.604SchmöllnTH
23%
13.641SolmsHE
23%
19.392SarstedtNI
22%
17.381SchrobenhausenBY
22%
13.769SchwentinentalSH
22%
20.290StadtlohnNW
22%
18.287SchkeuditzSN
21%
20.483SchortensNI
21%
18.091SchwalmstadtHE
21%
17.642SinzigRP
21%
11.235Stollberg/ErzgebirgeSN
21%
4.699SchönbergMV
20%
7.860Simmern/HunsrückRP
20%
5.636StadtoldendorfNI
19%
7.489SaarburgRP
18%
9.666SchlitzHE
18%
531SchnackenburgNI
18%
14.419SpengeNW
18%
19.252Sulzbach-RosenbergBY
17%
8.355Schieder-SchwalenbergNW
16%
8.832SchleizTH
16%
8.182Staufen im BreisgauBW
16%
10.192Steinau an der StraßeHE
16%
4.120SternbergMV
16%
9.365SebnitzSN
14%
13.191SchleidenNW
13%
2.819Selters (Westerwald)RP
13%
7.693SontraHE
13%
3.982St. BlasienBW
13%
24.897StutenseeBW
13%
5.087SpaltBY
12%
6.039SpangenbergHE
12%
8.448StaufenbergHE
12%
16.248StraelenNW
12%
11.214SchöningenNI
11%
21.059SchrambergBW
10%
4.817Seehausen (Altmark)ST
10%
3.762SteinachTH
10%
13.085St. Georgen im SchwarzwaldBW
10%
5.564StolpenSN
10%
13.227Südliches AnhaltST
10%
1.980SachsenhagenNI
9%
13.790SchneebergSN
9%
12.350SchongauBY
9%
15.372Schwalbach am TaunusHE
9%
5.394SeelowBB
9%
15.222StadtbergenBY
9%
6.590StadtrodaTH
9%
5.721StavenhagenMV
9%
17.116StockachBW
9%
14.215SassenbergNW
8%
19.763SchopfheimBW
8%
19.120SachsenheimBW
7%
5.484SchöppenstedtNI
7%
14.335SchwabmünchenBY
7%
8.428StadtilmTH
7%
1.565Stadt WehlenSN
7%
9.479Steinbach-HallenbergTH
7%
3.215SchönwaldBY
6%
12.937SchüttorfNI
6%
9.352Storkow (Mark)BB
6%
2.732SulzburgBW
6%
14.364Sandersdorf-BrehnaST
5%
10.801SchleusingenTH
5%
10.045SchottenHE
5%
3.688StrehlaSN
5%
3.381StrombergRP
5%
16.343Sulzbach/SaarSL
5%
3.114Schöneck/VogtlandSN
4%
3.056SchönewaldeBB
4%
14.921SchriesheimBW
4%
13.187SpaichingenBW
4%
1.536StadtprozeltenBY
4%
12.617Steinheim (Westfalen)NW
4%
5.385StühlingenBW
4%
10.155SüßenBW
4%
1.713SaydaSN
3%
3.278SchalkauTH
3%
7.232ScheßlitzBY
3%
4.754SchömbergBW
3%
5.797SchrozbergBW
3%
5.017SchwaanMV
3%
1.200SchwarzenbornHE
3%
7.866SchweichRP
3%
10.055Simbach am InnBY
3%
3.113StadtsteinachBY
3%
828Sandau (Elbe)ST
2%
2.054ScheibenbergSN
2%
4.700ScheinfeldBY
2%
6.870SchelklingenBW
2%
3.801SchiltachBW
2%
6.142Schirgiswalde-KirschauSN
2%
2.593SchkölenTH
2%
2.345SchlettauSN
2%
2.425Schönau im SchwarzwaldBW
2%
1.077SchraplauST
2%
2.426SchwanebeckST
2%
3.504SchwarzatalTH
2%
6.865Schwarzenbach an der SaaleBY
2%
5.568SchwarzheideBB
2%
7.796SeelandST
2%
3.622SeifhennersdorfSN
2%
4.275SelbitzBY
2%
4.553Strasburg (Uckermark)MV
2%
1.897SchauensteinBY
1%
2.472ScheerBW
1%
2.823SchillingsfürstBY
1%
2.420SchliebenBB
1%
5.965SchlüsselfeldBY
1%
4.183SchnaittenbachBY
1%
4.427Schönau (Odenwald)BW
1%
2.387SchönseeBY
1%
11.481SchwaigernBW
1%
4.351Schwarzenbach am WaldBY
1%
3.949SeßlachBY
1%
3.154SonnewaldeBB
1%
3.624SpeicherRP
1%
10.678Steinbach (Taunus)HE
1%
12.122Steinheim an der MurrBW
1%
912StößenST
1%

Verteilung der Resultate

Perzentil nach korrekt beantworteten Fragen

Anzahl Personen mit jedem Resultat

Ihre Resultats-Entwicklung

Sie haben dieses Quiz noch nicht gespielt